Course of study and teacher's guide for the elementary schools, grades one to six. (Record no. 21876)

MARC details
000 -LEADER
fixed length control field 01328cam a22003011 4500
001 - CONTROL NUMBER
control field e 42000222
003 - CONTROL NUMBER IDENTIFIER
control field DLC
005 - DATE AND TIME OF LATEST TRANSACTION
control field 20260227111231.0
008 - FIXED-LENGTH DATA ELEMENTS--GENERAL INFORMATION
fixed length control field 770526s1941 aluf b s000 0 eng
010 ## - LIBRARY OF CONGRESS CONTROL NUMBER
LC control number e 42000222
035 ## - SYSTEM CONTROL NUMBER
System control number (OCoLC)2995543
040 ## - CATALOGING SOURCE
Original cataloging agency DLC
Transcribing agency ABAU
Modifying agency ABAU
-- OCoLC
-- DLC
050 00 - LIBRARY OF CONGRESS CALL NUMBER
Classification number L116
Item number .B2 1941, no. 5
082 ## - DEWEY DECIMAL CLASSIFICATION NUMBER
Classification number 372.9761
-- 375.009761
110 1# - MAIN ENTRY--CORPORATE NAME
Corporate name or jurisdiction name as entry element Alabama.
Subordinate unit Department of Education.
245 10 - TITLE STATEMENT
Title Course of study and teacher's guide for the elementary schools, grades one to six.
Remainder of title Alabama curriculum development program.
Statement of responsibility, etc. Authorized by the State board of education.
260 ## - PUBLICATION, DISTRIBUTION, ETC.
Place of publication, distribution, etc. [Wetumpka,
Name of publisher, distributor, etc. Wetumpka printing co., printers and publishers,
Date of publication, distribution, etc. 1941]
300 ## - PHYSICAL DESCRIPTION
Extent 1 p. l., v-xii, 484 p.
Other physical details plates.
Dimensions 23 cm.
490 1# - SERIES STATEMENT
Series statement Its Curriculum bulletin
Volume/sequential designation no. 8
490 1# - SERIES STATEMENT
Series statement Its Department bulletin 1941,
Volume/sequential designation no. 5
500 ## - GENERAL NOTE
General note At head of title: State of Alabama. Dept. of education. Division of instruction, Montgomery.
504 ## - BIBLIOGRAPHY, ETC. NOTE
Bibliography, etc. note "Selective bibliography": p. 478-484.
650 #0 - SUBJECT ADDED ENTRY--TOPICAL TERM
Topical term or geographic name entry element Education, Elementary
General subdivision Curricula
Geographic subdivision Alabama.
710 1# - ADDED ENTRY--CORPORATE NAME
Corporate name or jurisdiction name as entry element Alabama.
Subordinate unit State Board of Education.
740 0# - ADDED ENTRY--UNCONTROLLED RELATED/ANALYTICAL TITLE
Uncontrolled related/analytical title Alabama curriculum development program.
810 1# - SERIES ADDED ENTRY--CORPORATE NAME
Corporate name or jurisdiction name as entry element Alabama.
Subordinate unit Department of Education.
Title of a work Curriculum bulletin
Volume/sequential designation no. 8.
810 1# - SERIES ADDED ENTRY--CORPORATE NAME
Corporate name or jurisdiction name as entry element Alabama.
Subordinate unit Department of Education.
Title of a work Department bulletin 1941,
Volume/sequential designation no. 5.

No items available.

Powered by Koha